| 000 | 01018nam a22003017a 4500 | ||
|---|---|---|---|
| 003 | CHAP | ||
| 005 | 20220817043409.0 | ||
| 008 | 971013s1988 r 00010 d | ||
| 010 | _a74324 | ||
| 011 | _a75296 | ||
| 035 | _a84856 | ||
| 040 | _cCHAP | ||
| 082 |
_a630.83 _bM44d 1987 |
||
| 110 |
_aMéxico. _bSecretaría de Agricultura y Recursos Hidráulicos _976864 |
||
| 245 |
_aPrograma nacional agropecuario y forestal _b: avance al 30 de diciembre de 1987 |
||
| 260 |
_aMéxico, D. F. : _bSARH, _c(1988) |
||
| 300 | _ac.a. 170 h. | ||
| 590 |
_aBATCH-UPD _b10 _c20130110 _lUCH01 _h1134 |
||
| 590 |
_aBATCH-UPD _b10 _c20130410 _lUCH01 _h0722 |
||
| 590 |
_aBATCH-UPD _b10 _c20130914 _lUCH01 _h1121 |
||
| 590 |
_aCONVERSION _b10 _c20130109 _lUCH01 _h1341 |
||
| 650 | 1 | 4 |
_aAgricultura _xEstadisticas _zMexico. |
| 650 | 1 | 4 |
_aCultivos _xEstadísticas. _930269 |
| 650 | 1 | 4 |
_aGanadería _xEstadísticas _zMéxico. _944716 |
| 901 | _aBK | ||
| 942 | _cLIBRO | ||
| 949 |
_a630.83 M44d 1987 _bBC _cC _d33724000749859 _eC _h87066 _i84856 _sb |
||
| 999 |
_c74324 _d74324 |
||